| 000 | 00382nam a2200145Ia 4500 | ||
|---|---|---|---|
| 008 | 230917s9999||||xx |||||||||||||| ||und|| | ||
| 040 |
_e115097 _aMAIN |
||
| 041 | _aEnglish | ||
| 082 | _a621.4022 D954H | ||
| 100 | _aDutta, Binay K. | ||
| 245 | 0 | _aHeat transfer: principles and applications | |
| 260 |
_aNew Delhi _bPrintice Hall _c2006 |
||
| 300 | _axviii, 525p p. | ||
| 942 | _cBK | ||
| 999 |
_c141159 _d141159 |
||